[Event "Yangon op"]
[Site "Yangon"]
[Date "2015.11.26"]
[Round "7"]
[White "Kyaw, Soe Oo"]
[Black "Schebler, Gerhard"]
[Result "0-1"]
[WhiteElo "2154"]
[BlackElo "2452"]
[PlyCount "134"]
[EventDate "2015.11.23"]
[EventType "swiss"]
[EventRounds "9"]
[EventCountry "MYA"]
[SourceTitle "CBM 169 Extra"]
[Source "ChessBase"]
[SourceDate "2015.12.18"]
[SourceVersion "1"]
[SourceVersionDate "2015.12.18"]
[SourceQuality "1"]

1. d4 g6 2. c4 Bg7 3. Nc3 c5 4. Nf3 cxd4 5. Nxd4 Nc6 6. Nf3 Bxc3+ 7. bxc3 Nf6 8. e3 Qa5 9. Be2 d6 10. 0-0 0-0 11. Nd4 Bd7 12. Qb3 Rab8 13. Rb1 Rfc8 14. f4 Qc7 15. f5 Na5 16. Qa3 a6 17. Rb4 Nc6 18. fxg6 hxg6 19. Nxc6 Bxc6 20. c5 dxc5 21. Rbf4 Qe5 22. c4 Rd8 23. e4 Kg7 24. Bb2 Rd4 25. Qg3 Rh8 26. Bxd4 cxd4 27. Bd3 Rh5 28. R4f3 Qxg3 29. Rxg3 Nd7 30. Rf5 Rh4 31. Ra5 f6 32. e5 Nxe5 33. Ra3 Rf4 34. Rb3 g5 35. Rb2 Nxd3 36. Rxd3 Re4 37. Kf2 Rh4 38. h3 e5 39. g4 Kf7 40. Kg3 Ke6 41. Rf2 Rh6 42. Rd1 Rh8 43. Rdf1 Rf8 44. Rd1 Ke7 45. h4 gxh4+ 46. Kxh4 Rh8+ 47. Kg3 Rg8 48. Kh4 Bd7 49. Rg2 f5 50. g5 f4 51. g6 Kf6 52. g7 Bf5 53. Rdg1 f3 54. Rb2 Be4 55. Kh5 Rxg7 56. Rxg7 Kxg7 57. Kg4 Kf6 58. Kg3 Ke6 59. Rh2 Kd6 60. Rh5 Bc6 61. a3 b6 62. Kf2 e4 63. Kg3 e3 64. Rh4 Kc5 65. Rh6 f2 66. Rf6 Be4 67. Rf4 Bd3 0-1